000 00292nam a22001217a 4500
008 230703b xxu||||| |||| 00| 0 eng d
082 _a348
_bORR
100 _cCommonwealth of Australia 1998
245 _aA Guide to Regulation
260 _c1998
300 _avarious paging
942 _2ddc
_cBK
999 _c3218
_d3218